MARC details
| 000 -LEADER |
| campo de control de longitud fija |
01378aam a2200409 i 4500 |
| 001 - NÚMERO DE CONTROL |
| campo de control |
MOR01000032260 |
| 005 - FECHA Y HORA DE LA ÚLTIMA TRANSACCIÓN |
| campo de control |
20260331112056.0 |
| 007 - CAMPO FIJO DE DESCRIPCIÓN FÍSICA--INFORMACIÓN GENERAL |
| campo de control de longitud fija |
ta |
| 008 - DATOS DE LONGITUD FIJA--INFORMACIÓN GENERAL |
| campo de control de longitud fija |
850507s1975 mx ac g i 000 0 spa d |
| 035 ## - NÚMERO DE CONTROL DEL SISTEMA |
| Número de control de sistema |
850687 |
| 040 ## - FUENTE DE CATALOGACIÓN |
| Centro catalogador/agencia de origen |
mxcmmo |
| Lengua de catalogación |
spa |
| Normas de descripción |
rda |
| Centro/agencia transcriptor |
mxcmmo |
| 041 0# - CÓDIGO DE IDIOMA |
| Código de lengua del texto/banda sonora o título independiente |
spa |
| 043 ## - CÓDIGO DE ÁREA GEOGRÁFICA |
| Código de área geográfica |
n-mx |
| 045 ## - PERIODO DE TIEMPO DEL CONTENIDO |
| Código de periodo de tiempo |
x-x- |
| 082 04 - NÚMERO DE LA CLASIFICACIÓN DECIMAL DEWEY |
| Número de clasificación |
970.008 |
| Número de ítem |
TDF.40 |
| 100 1# - ENTRADA PRINCIPAL--NOMBRE DE PERSONA |
| Nombre de persona |
Traba, Marta |
| Fechas asociadas al nombre |
1930- |
| Término indicativo de función/relación |
autor |
| 9 (RLIN) |
60080 |
| 245 13 - MENCIÓN DEL TÍTULO |
| Título |
La zona del silencio |
| Resto del título |
: Ricardo Martínez, Gunther Gerzso, Luis García Guerrero/ |
| Mención de responsabilidad, etc. |
Marta Traba |
| 264 #1 - PRODUCCIÓN, PUBLICACIÓN, DISTRIBUCIÓN, FABRICACIÓN Y COPYRIGHT |
| Producción, publicación, distribución, fabricación y copyright |
México : |
| Nombre del de productor, editor, distribuidor, fabricante |
Fondo de Cultura Económica, |
| Fecha de producción, publicación, distribución, fabricación o copyright |
[1975] |
| 264 #4 - PRODUCCIÓN, PUBLICACIÓN, DISTRIBUCIÓN, FABRICACIÓN Y COPYRIGHT |
| Fecha de producción, publicación, distribución, fabricación o copyright |
copyright 1975 |
| 300 ## - DESCRIPCIÓN FÍSICA |
| Extensión |
63 páginas: |
| Otras características físicas |
ilustraciones, retratos; |
| Dimensiones |
27 cm |
| 336 ## - TIPO DE CONTENIDO |
| Término de tipo de contenido |
texto |
| Código de tipo de contenido |
txt |
| Fuente |
rdacontent |
| 337 ## - TIPO DE MEDIO |
| Nombre/término del tipo de medio |
sin medio |
| Código del tipo de medio |
n |
| Fuente |
rdamedia |
| 338 ## - TIPO DE SOPORTE |
| Nombre/término del tipo de soporte |
volumen |
| Código del tipo de soporte |
nc |
| Fuente |
rdacarrier |
| 490 #0 - MENCIÓN DE SERIE |
| Mención de serie |
Coleccion testimonio del Fondo |
| Designación de volumen o secuencia |
40 |
| 500 ## - NOTA GENERAL |
| Nota general |
La obra reproduce pinturas de R. Martínez, G. Gerzso y L. García Guerrero |
| 600 #7 - PUNTO DE ACCESO ADICIONAL DE MATERIA--NOMBRE DE PERSONA |
| Nombre de persona |
García Guerrero, Luis |
| Fechas asociadas al nombre |
1921- |
| 9 (RLIN) |
60081 |
| 600 #7 - PUNTO DE ACCESO ADICIONAL DE MATERIA--NOMBRE DE PERSONA |
| Nombre de persona |
Gerzso, Gunther |
| Fechas asociadas al nombre |
1915-2000 |
| 9 (RLIN) |
8868 |
| 600 #7 - PUNTO DE ACCESO ADICIONAL DE MATERIA--NOMBRE DE PERSONA |
| Nombre de persona |
Martínez, Ricardo |
| 9 (RLIN) |
28611 |
| 900 ## - ELEMENTOS DE DATOS A LOCAL, LDA (RLIN) |
| Nombre de persona |
ALEPH14 |
| Numeración |
10 |
| Títulos y otros términos asociados al nombre |
20061103 |
| Lenguaje de la obra |
MOR01 |
| -- |
1045 |
| 900 ## - ELEMENTOS DE DATOS A LOCAL, LDA (RLIN) |
| Nombre de persona |
BATCH-UPD |
| Numeración |
00 |
| Títulos y otros términos asociados al nombre |
20120323 |
| Lenguaje de la obra |
MOR01 |
| -- |
1736 |
| 900 ## - ELEMENTOS DE DATOS A LOCAL, LDA (RLIN) |
| Nombre de persona |
BATCH-UPD |
| Numeración |
10 |
| Títulos y otros términos asociados al nombre |
20120321 |
| Lenguaje de la obra |
MOR01 |
| -- |
1654 |
| 900 ## - ELEMENTOS DE DATOS A LOCAL, LDA (RLIN) |
| Nombre de persona |
BATCH |
| Numeración |
00 |
| Títulos y otros términos asociados al nombre |
20120322 |
| Lenguaje de la obra |
MOR01 |
| -- |
1717 |
| 900 ## - ELEMENTOS DE DATOS A LOCAL, LDA (RLIN) |
| Nombre de persona |
DYNIX |
| Numeración |
00 |
| Títulos y otros términos asociados al nombre |
20030304 |
| Lenguaje de la obra |
MOR01 |
| -- |
1718 |
| 904 ## - ELEMENTOS DE DATOS D LOCAL, LDD (RLIN) |
| a |
UPDATE |
| 942 ## - ELEMENTOS DE ENTRADA SECUNDARIOS (KOHA) |
| Código de la institución [OBSOLETO] |
BK |
| 901 ## - ELEMENTOS DE DATOS A LOCAL LDA (RLIN) |
| a |
batch batch |